zpět

Detail výsledku týmu

The PUB Praha 6 PO, Praha

Datum a čas kvízu

38 Celkem bodů Celkový počet nahraných bodů na tomto kvízu bez doplňovacích otázek.
4. Pořadí na kvízu Konečné umístění týmu na tomto kvízu.

Zaznamenané odpovědi

# Otázka Odpověď Body Výsledky
1. Žena jednoho bývalého českého... Petr Nečas 1
2. Britský soud v pátek poslal do... C) funkční splachovací záchod 1
3. Českou a slovenskou veřejnost... Emma Smetana 1
4. Který známý AI generátor obráz... Midjourney 0
5. V neděli skončil 77. ročník cy... Dauphiné 1
6. Toto téma začneme prostě, a to... Mantikora (Mantichora) 0
7. Termínem Jókai (Yōkai) se ozna... D 0
8. V roce 2009 byl Rodinným autem... Škoda Yeti 1
9. V této otázce bude vaším úkole... 1B 2C 3D 4A 1
10. Na závěr jedno české mytologic... Blaník 0